Barbey d’Aurevilly Alice de Georges-Métral, Les Illusions de l’écriture ou la crise de la représentation dans l’Œuvre romanesque de Jules Barbey d’Aurevilly, Paris, Honoré Champion, 2007, 374 p. (notice n° 1604102)
[ vue normale ]
| 000 -LEADER | |
|---|---|
| fixed length control field | 01982cam a2200169 4500500 |
| 005 - DATE AND TIME OF LATEST TRANSACTION | |
| control field | 20251228093159.0 |
| 041 ## - LANGUAGE CODE | |
| Language code of text/sound track or separate title | fre |
| 042 ## - AUTHENTICATION CODE | |
| Authentication code | dc |
| 100 10 - MAIN ENTRY--PERSONAL NAME | |
| Personal name | Auraix-Jonchière, Pascale |
| Relator term | author |
| 245 00 - TITLE STATEMENT | |
| Title | Barbey d’Aurevilly Alice de Georges-Métral, Les Illusions de l’écriture ou la crise de la représentation dans l’Œuvre romanesque de Jules Barbey d’Aurevilly, Paris, Honoré Champion, 2007, 374 p. |
| 260 ## - PUBLICATION, DISTRIBUTION, ETC. | |
| Date of publication, distribution, etc. | 2008.<br/> |
| 500 ## - GENERAL NOTE | |
| General note | 100 |
| 520 ## - SUMMARY, ETC. | |
| Summary, etc. | L’œuvre de Mérimée, La Guzla, a été le plus souvent lue, depuis sa parution en 1827, comme une parodie ou comme un témoignage des coutumes et des mœurs des Slaves du sud. Son originalité profonde et dérangeante tient à la violence qui l’imprègne à tous les niveaux, que ce soit dans la description des mœurs ou dans le traitement de la langue. La violence physique censée caractériser le monde primitif n’est en fait que la partie visible d’une violence qui frappe les repères et les identités, les dilue et finit par les détruire. Mérimée exprime à travers elles les menaces qui pèsent sur le monde primitif, gagné peu à peu par la civilisation. |
| 520 ## - SUMMARY, ETC. | |
| Summary, etc. | Mérimée’s work, La Guzla , has been most of time read since its publication in 1827 as a parody or as a testimony of the customs and manners of southern Slavs. Its profound and disturbing originality comes from the violence which pervades it at all levels, either in the description of manners or in the treatment of language. Physical violence supposed to characterize the primitive world is indeed only the visible part of a violence which reaches landmarks and identities, dilutes them and, in the end, destroys them. Mérimée expresses through them the threats that hang on the primitive world gradually overcome by civilisation. |
| 786 0# - DATA SOURCE ENTRY | |
| Note | Romantisme | 140 | 2 | 2008-06-01 | p. 149d-154d | 0048-8593 |
| 856 41 - ELECTRONIC LOCATION AND ACCESS | |
| Uniform Resource Identifier | <a href="https://shs.cairn.info/revue-romantisme-2008-2-page-149d?lang=fr&redirect-ssocas=7080">https://shs.cairn.info/revue-romantisme-2008-2-page-149d?lang=fr&redirect-ssocas=7080</a> |
Pas d'exemplaire disponible.




Réseaux sociaux